| 000 | 01368cam a2200337 a 4500 | ||
|---|---|---|---|
| 001 | 14721164 | ||
| 003 | OSt | ||
| 005 | 20230905125703.0 | ||
| 008 | 070202s2007 enk b 001 0 eng | ||
| 010 | _a 2007002769 | ||
| 020 | _a9781846841705 | ||
| 020 | _a9780826489364 (pbk.) | ||
| 020 | _a0826489362 (pbk.) | ||
| 040 |
_aDLC _cDLC _dDLC |
||
| 050 | 0 | 0 |
_aPR1874 _b.A84 2007 |
| 082 | 0 | 0 |
_a821.1 _bASH/C |
| 100 |
_aAshton, Gail _d1957- _95959 |
||
| 245 | 1 | 0 |
_aChaucer's The Canterbury tales / _cGail Ashton. |
| 260 |
_aLondon ; _aNew York : _bContinuum, _cc2007. |
||
| 300 |
_av, 121 p. ; _c22 cm. |
||
| 490 | 0 | _aContinuum reader's guides | |
| 504 | _aIncludes bibliographical references and index. | ||
| 505 | 0 | _aContexts -- Language, style, and form -- Reading The Canterbury tales -- Critical reception and publishing history -- Afterlives. | |
| 600 | 1 | 0 |
_aChaucer, Geoffrey, _d-1400. _tCanterbury tales. |
| 650 | 0 |
_aTales, Medieval _xHistory and criticism. |
|
| 856 | 4 | 1 |
_3Table of contents only _uhttp://www.loc.gov/catdir/toc/ecip079/2007002769.html |
| 856 | 4 | 2 |
_3Book review (H-Net) _uhttp://www.h-net.org/review/hrev-a0f6u8-aa |
| 906 |
_a7 _bcbc _corignew _d1 _eecip _f20 _gy-gencatlg |
||
| 942 |
_2ddc _cBK _h821.1 _iASH/C _k821.1 _mASH/C |
||
| 999 |
_c42119 _d42119 |
||